KOHA-Header-6

Product Management (Record no. 8937)

000 -LEADER
fixed length control field 00254nam a2200109Ia 4500
100 ## - MAIN ENTRY--AUTHOR NAME
Personal name Donald.Lehmann
245 #0 - TITLE STATEMENT
Title Product Management
260 ## - PUBLICATION, DISTRIBUTION, ETC. (IMPRINT)
Place of publication New York
Name of publisher Addison
Year of publication 2000
300 ## - PHYSICAL DESCRIPTION
Number of Pages 701
942 ## - ADDED ENTRY ELEMENTS (KOHA)
Koha item type Books
Holdings
Withdrawn status Lost status Collection code Permanent Location Current Location Shelving location Date acquired Full call number Accession Number Koha item type
    Management MAJU MAJU   2019-09-14 5.133 4145 Management

Powered by Koha